Cables de acero / (Record no. 104030)

MARC details
000 -LEADER
campo de control de longitud fija 00562nam a2200181 i 4500
001 - NÚMERO DE CONTROL
campo de control 104030
003 - IDENTIFICADOR DE NÚMERO DE CONTROL
campo de control ES-MaACL
005 - FECHA Y HORA DE LA ÚLTIMA TRANSACCIÓN
campo de control 20230906183509.0
007 - CAMPO FIJO DE DESCRIPCIÓN FÍSICA--INFORMACIÓN GENERAL
campo de control de longitud fija t|
008 - DATOS DE LONGITUD FIJA--INFORMACIÓN GENERAL
campo de control de longitud fija 051122s1966 sp ||||1| spa d
100 1# - ENTRADA PRINCIPAL--NOMBRE DE PERSONA
Nombre de persona Meune, René.
9 (RLIN) 80755
245 10 - MENCIÓN DEL TÍTULO
Título Cables de acero /
Mención de responsabilidad, etc. por René Meune; prefacio de A. Pommier; traducido por Félix López Otamendi.
260 ## - PUBLICACIÓN, DISTRIBUCIÓN, ETC.
Lugar de publicación, distribución, etc. Bilbao :
Nombre del editor, distribuidor, etc. Urmo,
Fecha de publicación, distribución, etc. 1966.
300 ## - DESCRIPCIÓN FÍSICA
Extensión 271 p. :
Otras características físicas il. ;
Dimensiones 25 cm.
700 1# - ENTRADA AGREGADA--NOMBRE PERSONAL
Nombre de persona López Otamendi, Félix.
9 (RLIN) 73852
700 1# - ENTRADA AGREGADA--NOMBRE PERSONAL
Nombre de persona Pommier, Auguste.
9 (RLIN) 92927
852 ## - LOCALIZACIÓN
Ubicación ES-MaACL
Número de control de estantería C-29557
Sublocalización o colección R.59973
Holdings
Estatus retirado Estado de pérdida Estado de daño No para préstamo Biblioteca de origen Biblioteca actual Ubicación en estantería Fecha de adquisición Fuente de adquisición Total de préstamos Signatura topográfica completa Código de barras Visto por última vez Precio de reemplazo Tipo de ítem Koha
        Biblioteca del Ateneo de Madrid Biblioteca del Ateneo de Madrid Depósito 2 17/01/2008     C-29557 1108616 23/02/2023 23/02/2023 Libro impreso